आँखें बोलती हैं / (Record no. 112503)
[ view plain ]
| 000 -LEADER | |
|---|---|
| fixed length control field | 01056nam a22002537a 4500 |
| 005 - DATE AND TIME OF LATEST TRANSACTION | |
| control field | 20170124102939.0 |
| 010 ## - LIBRARY OF CONGRESS CONTROL NUMBER | |
| LC control number | B-138580 |
| 020 ## - INTERNATIONAL STANDARD BOOK NUMBER | |
| Terms of availability | 140.00 |
| International Standard Book Number | 8188081272 |
| 035 ## - SYSTEM CONTROL NUMBER | |
| System control number | B-138580 |
| 037 ## - SOURCE OF ACQUISITION | |
| Source of stock number/acquisition | Cen Lib/Ret |
| 040 ## - CATALOGING SOURCE | |
| Original cataloging agency | DPL |
| Language of cataloging | HN |
| 082 ## - DEWEY DECIMAL CLASSIFICATION NUMBER | |
| Classification number | 827 |
| Item number | ठाकरे |
| 100 ## - MAIN ENTRY--PERSONAL NAME | |
| Personal name | ठाकरे, कांतिलाल |
| 9 (RLIN) | 48031 |
| 245 ## - TITLE STATEMENT | |
| Title | आँखें बोलती हैं / |
| Statement of responsibility, etc | कांतिलाल ठाकरे |
| 246 ## - VARYING FORM OF TITLE | |
| Title proper/short title | Aankhen boltee hain / |
| Remainder of title | by Kanti Lal Thakre |
| 260 ## - PUBLICATION, DISTRIBUTION, ETC. (IMPRINT) | |
| Place of publication, distribution, etc | दिल्ली |
| Name of publisher, distributor, etc | दिशा प्रकाशन |
| Date of publication, distribution, etc | 2004 |
| 270 ## - ADDRESS | |
| Address | 138/16, ओंकार नगर-बी, त्रि नगर |
| City | दिल्ली |
| Postal code | 110035 |
| 300 ## - PHYSICAL DESCRIPTION | |
| Extent | 135पृ. |
| Dimensions | 21सेमी (सजिल्द) |
| 650 ## - SUBJECT ADDED ENTRY--TOPICAL TERM | |
| Topical term or geographic name as entry element | हिन्दी साहित्य |
| 9 (RLIN) | 48032 |
| 650 ## - SUBJECT ADDED ENTRY--TOPICAL TERM | |
| Topical term or geographic name as entry element | हिन्दी साहित्य--कहानिया |
| 9 (RLIN) | 46379 |
| 650 ## - SUBJECT ADDED ENTRY--TOPICAL TERM | |
| Topical term or geographic name as entry element | Hindi Literature |
| 9 (RLIN) | 48033 |
| 650 ## - SUBJECT ADDED ENTRY--TOPICAL TERM | |
| Topical term or geographic name as entry element | Hindi Literature--Stories |
| 9 (RLIN) | 48034 |
| 942 ## - ADDED ENTRY ELEMENTS (KOHA) | |
| Source of classification or shelving scheme | Dewey Decimal Classification |
| Koha item type | Hindi Books |
| Classification part | 827 |
| Call number suffix | ठाकरे |
| Withdrawn status | Lost status | Damaged status | Not for loan | Home library | Current library | Date acquired | Source of acquisition | Cost, normal purchase price | Total Checkouts | Full call number | Barcode | Date last seen | Date checked out | Copy number | Cost, replacement price | Price effective from | Koha item type | Source of classification or shelving scheme | Collection code | Shelving location |
|---|---|---|---|---|---|---|---|---|---|---|---|---|---|---|---|---|---|---|---|---|
| Central Library | Central Library | 08/08/2015 | Cen Lib/Ret | 140.00 | 1 | 827 ठाकरे | B-138580 | 23/02/2019 | 12/02/2019 | 1 | 140.00 | 08/08/2015 | Hindi Books | |||||||
| Ordered | Sarojini Nagar | Sarojini Nagar | 01/02/2017 | DPL | 827 ठाकरे | B-138582 | 01/02/2017 | 1 | 140.00 | 01/02/2017 | Hindi Books | Dewey Decimal Classification | Non-fiction | On Display |
